Responses for Show #3892 - Tuesday, July 3, 2001

Kevin Keach game 5.

Contestants

[<< previous game]

Carol Arlia, a radio programmer from Flushing, New York

Reagan Upshaw, an art dealer from Brooklyn, New York

Kevin Keach, an operations manager from St. Ann, Missouri (whose 4-day cash winnings total $45,303)

[next game >>]

Jeopardy! Round responses

ANCIENT TIMES
YOUTHFUL NAMES
STUDIES SHOW...
CLIFFS NOTES AT THE MOVIES
HOW COME?
HOT "BUN"s
    $100 1
Rome

Kevin
    $100 6
Babe Ruth

Carol
    $100 11
brain

Reagan
    $100 23
Cast Away

Reagan
    $100 21
(Kevin: What is a clipper ship?)

a steamship

Kevin
Triple Stumper
    $100 16
Bunch

Carol
    $200 2
Pi

Carol
    $200 7
Julia Child

Carol
    $200 12
AIDS

Kevin
    $200 24
(Alex: Less than a minute now.)

Erin Brockovich

Kevin
    $200 22
minivan

Carol
    $200 17
(Robert) Bunsen

Carol
    $300 3
(Kevin: What is a column?)

the Parthenon

KevinCarol
    $300 8
Cheryl Ladd

Carol
    $300 13
(Kevin: What are antibiotics?)

soaps

Kevin
Triple Stumper
    $300 25
(Carol: What is Meet the In-Laws?)

Meet the Parents

KevinCarol
    $300 28
harness racing

Reagan
    $300 18
Bungle

Carol
    $400 4
Plutarch

Triple Stumper
    $400 9
Baby Face Nelson

Kevin
    $400 14
electromagnetic

Kevin
    $500 26
Traffic

Kevin
    $400 29
[The end-of-round signal sounds.]

Razor

Kevin
    $400 19
bundled

Carol
    $500 5
Delphi

Carol
    $500 10
(Kevin: Who is Dangerfield?)

Henny Youngman

Kevin
Triple Stumper
    $500 15
stem cells

Reagan
    $500 27
The Patriot

Reagan
    $500 20
Bunker Hill

Reagan

Scores at the first commercial break (after clue 15):

Kevin Reagan Carol
$0 $600 $1,600

Scores at the end of the Jeopardy! Round:

Kevin Reagan Carol
$1,300 $2,000 $2,500

Double Jeopardy! Round responses

AROUND THE WORLD
THE FAMILY BUSINESS
JOHANN'S THE MANN
OLYMPIC HISTORY
COMMUNITY THEATER
4-F
(Alex: The letter "F" will appear 4 times in each correct response.)
    $200 1
Taiwan

Kevin
    $200 6
(Reagan: Who are the Ripkens?)

Ken Griffey Jr. & Sr.

KevinReagan
    $200 11
Strauss

Kevin
    $200 16
steroids

Carol
    $200 26
Agatha Christie

Carol
    $200 21
riff-raff

Kevin
    $400 2
Lake Albert

Kevin
    $400 7
Steinway

Reagan
    $400 12
Lithium

Kevin
    $400 17
Berlin

Carol
    $400 27
Don't Drink the Water

Reagan
    $400 22
the office staff

Triple Stumper
    $600 3
Panama

Kevin
    $600 8
auto making

Kevin
    $600 13
(Johann) Goethe

Reagan
    $600 18
the U.S.

Carol
    $600 28
[The end-of-round signal sounds.]

A Raisin in the Sun

Kevin
    $600 23
(Kevin: What is Joint Chief of Staffs? Staff? What is the Joint Chief of Staff?)
(Alex: No. You got it wrong both times, I believe.)
...
(Alex: Less than a minute.)

Joint Chiefs of Staff

Kevin
Triple Stumper
    $1,000 4
Burgundy

Kevin
    $800 9
the Mars

Reagan
    $800 14
(Kevin: What is Austria?)

Switzerland

Kevin
Triple Stumper
    $1,200 19
(Carol: What is 1?)
...
(Alex: Once during WWI & twice during WWII.)

3 times

Carol
    $800 24
fifty-fifty

Triple Stumper
    $1000 5
Islamic

Reagan
    $1000 10
the Baedekers

Reagan
    $1000 15
Clarinet

Reagan
    $1000 20
(Reagan: What is Stockholm?)

London

Reagan
Triple Stumper
    $1000 25
off the cuff

Kevin

Scores at the end of the Double Jeopardy! Round:

Kevin Reagan Carol
$5,300 $6,000 $2,700

[wagering suggestions for these scores]

Final Jeopardy! Round responses

THE EMMYS
(Alex: The star of M*A*S*H, won all his Emmys for M*A*S*H, for acting, directing, and writing.)
...
(Alex: Kevin, tell the folks what you have decided upon with regard to the brand new automobiles.)
(Kevin: Let's go for the Tahoe, please!)
CarolWho is Desi Arnaz?
$2,600
KevinWho is Alan Alda?
$100
ReaganWho is Michael Landon?
$2,000
Alan Alda

Final scores:

Kevin Reagan Carol
$5,400 $4,000 $100
5-day champion: $50,703 2nd place: Trip to the Bahamia Resort, Grand Bahama Island 3rd place: Capitol Records CD Package

Game dynamics:

Coryat scores:

Kevin Reagan Carol
$5,000 $6,000 $3,900
19 R
(including 2 DDs),
6 W
13 R,
2 W
15 R,
2 W
(including 1 DD)

Combined Coryat: $14,900

[game clues] [game scores] [suggest correction]

Game tape date: 2001-03-07
The J! Archive is created by fans, for fans. Scraping, republication, monetization, and malicious use prohibited; this site may use cookies and collect identifying information. See terms. The Jeopardy! game show and all elements thereof, including but not limited to copyright and trademark thereto, are the property of Jeopardy Productions, Inc. and are protected under law. This website is not affiliated with, sponsored by, or operated by Jeopardy Productions, Inc. Join the discussion at JBoard.tv.